000 00380 a2200109 4500
001 ART_54673
005 20260410161811.0
008 260409a
245 1 0 _aLa responsabilidad penal sucesorua por incumplimiento de "compliance" en operaciones de M&A
100 1 _aPapa, Rodolfo G.
773 0 _tDoctrina Societaria y Concursal
_g- N° 408 (nov. 2021)
_wREV4298
999 _c21462
_d21462